Las fuentes móviles y la calidad del aire (Registro nro. 644307)
[ vista simple ]
| 001 - NÚMERO DE CONTROL | |
|---|---|
| campo de control | 1322871 |
| 005 - FECHA Y HORA DE LA ÚLTIMA TRANSACCIÓN | |
| campo de control | 20260508075554.0 |
| 008 - DATOS DE LONGITUD FIJA--INFORMACIÓN GENERAL | |
| campo de control de longitud fija | 130410s2011 spa |
| 020 ## - NÚMERO INTERNACIONAL ESTÁNDAR DEL LIBRO | |
| Número Internacional Estándar del Libro | 9789588513539 |
| 035 ## - NÚMERO DE CONTROL DEL SISTEMA | |
| Número de control de sistema | 1322871 |
| 040 ## - FUENTE DE LA CATALOGACIÓN | |
| Centro/agencia transcriptor | comduadb |
| 041 ## - CÓDIGO DE LENGUA | |
| Código de lengua del texto/banda sonora o título independiente | spa |
| 080 ## - NÚMERO DE LA CLASIFICACIÓN DECIMAL UNIVERSAL | |
| Número de la Clasificación Decimal Universal | AV/ |
| 110 20 - ENTRADA PRINCIPAL--NOMBRE DE ENTIDAD CORPORATIVA | |
| Nombre de entidad corporativa o nombre de jurisdicción como elemento de entrada | Área Metropolitana del Valle de Aburrá |
| Código de función | aut |
| Término indicativo de función/relación | Autor/a |
| 9 (RLIN) | 830203 |
| 245 14 - MENCIÓN DE TÍTULO | |
| Título | Las fuentes móviles y la calidad del aire |
| 250 ## - MENCIÓN DE EDICIÓN | |
| Mención de edición | 1. ed. |
| 260 ## - PUBLICACIÓN, DISTRIBUCIÓN, ETC. | |
| Lugar de publicación, distribución, etc. | Medellín : |
| Nombre del editor, distribuidor, etc. | Área Metropolitana del Valle de Aburrá, |
| Fecha de publicación, distribución, etc. | 2011. |
| 300 ## - DESCRIPCIÓN FÍSICA | |
| Extensión | 23 p. ; il. |
| 505 ## - NOTA DE CONTENIDO CON FORMATO | |
| Nota de contenido con formato | CONTENIDO: Introducción.-- Norma de emisión de gases para fuentes móviles: Resolución 910 de 2008: Vigilancia y control de fuentes móviles. Revisión técnico-mecánica y de gases.-- Proceso sancionatorio por incumplimiento de la norma de emisión de gases de fuentes móviles: Multas. Formatos de control de emisiones.-- Evaluación de emisiones contaminantes del aire provenientes de una fuente móvil.-- Recomendaciones para reducir las emisiones contaminantes en fuentes móviles.-- Glosario.-- Bibliografía. |
| 520 3# - SUMARIO, ETC. | |
| Sumario, etc. | Esta cartilla contiene la información sobre la normatividad para emisiones de fuentes móviles y presenta los artículos más relevantes de la Resolución 910 de 2008, emanada del Ministerio de Medio Ambiente, Vivienda y Desarrollo Territorial, también se muestra el proceso sancionatorio en caso de incumplir las normas de emisión de fuentes móviles. Igualmente se presenta una breve descripción del proceso de verificación de emisiones de las fuentes móviles y recomendaciones de buenas prácticas encaminadas a la reducción de emisiones contaminantes generadas por estas fuentes. |
| 650 ## - PUNTO DE ACCESO ADICIONAL DE MATERIA--TÉRMINO DE MATERIA | |
| Término de materia o nombre geográfico como elemento de entrada | Resolución 910 de 2008 |
| 9 (RLIN) | 201673 |
| 650 ## - PUNTO DE ACCESO ADICIONAL DE MATERIA--TÉRMINO DE MATERIA | |
| Término de materia o nombre geográfico como elemento de entrada | Calidad del aire |
| 9 (RLIN) | 10724 |
| 650 #7 - PUNTO DE ACCESO ADICIONAL DE MATERIA--TÉRMINO DE MATERIA | |
| Término de materia o nombre geográfico como elemento de entrada | Contaminación del aire |
| Fuente del encabezamiento o término | dcs |
| 9 (RLIN) | 109933 |
| 650 ## - PUNTO DE ACCESO ADICIONAL DE MATERIA--TÉRMINO DE MATERIA | |
| Término de materia o nombre geográfico como elemento de entrada | Emisión de gases |
| 9 (RLIN) | 109932 |
| 650 ## - PUNTO DE ACCESO ADICIONAL DE MATERIA--TÉRMINO DE MATERIA | |
| Término de materia o nombre geográfico como elemento de entrada | Emisiones atmosféricas |
| 9 (RLIN) | 13206 |
| 942 ## - ELEMENTOS DE ENTRADA AGREGADA (KOHA) | |
| Tipo de ítem Koha | Libros |
| Estado de retiro | Estado de pérdida | Estado dañado | No para préstamo | Código de colección | Localización permanente | Ubicación/localización actual | Fecha de adquisición | Fuente de adquisición | Número de inventario | Total de préstamos | Signatura topográfica completa | Código de barras | Fecha visto por última vez | Número de copia | Precio válido a partir de | Tipo de ítem Koha | Fuente del sistema de clasificación o colocación |
|---|---|---|---|---|---|---|---|---|---|---|---|---|---|---|---|---|---|
| Colección Antioquia 4to piso | Biblioteca Carlos Gaviria Díaz, Campus Medellín | Biblioteca Carlos Gaviria Díaz, Campus Medellín | 10/04/2013 | Material adquirido por donación | C1171899 | F 01685 | 0994637 | 02/05/2023 | 1 | 02/05/2023 | Folleto - Interno | ||||||
| Ocultar de OPAC | Para Descartar | Colección de Folletos | Biblioteca de Salud Pública, Campus Medellín | Biblioteca de Salud Pública, Campus Medellín | 10/04/2013 | Material adquirido por donación | C1171911 | AV 03013 | 89975 | 02/05/2023 | 1 | 02/05/2023 | Folleto/Plegable | Clasificación Decimal Dewey | |||
| Colección General | Centro Documentación Ingeniería (Bl. 20-146) | Centro Documentación Ingeniería (Bl. 20-146) | 30/01/2014 | C1196162 | BF 08655 | 788018 | 29/01/2025 | 2 | 02/05/2023 | Folleto/Plegable |